<?xml version="1.0" encoding="UTF-8"?><marc:collection xmlns:marc="http://www.loc.gov/MARC21/slim">
  <marc:record>
    <marc:leader>00000nam  2200000za 4500</marc:leader>
    <marc:controlfield tag="001">9.621459</marc:controlfield>
    <marc:controlfield tag="003">CaOODSP</marc:controlfield>
    <marc:controlfield tag="005">20200330170842</marc:controlfield>
    <marc:controlfield tag="007">ta</marc:controlfield>
    <marc:controlfield tag="008">150406|1992||||xxc|||||     f|0| 0 fre d</marc:controlfield>
    <marc:datafield tag="020" ind1=" " ind2=" ">
      <marc:subfield code="a">0-662-97411-5</marc:subfield>
    </marc:datafield>
    <marc:datafield tag="040" ind1=" " ind2=" ">
      <marc:subfield code="a">CaOODSP</marc:subfield>
      <marc:subfield code="b">fre</marc:subfield>
    </marc:datafield>
    <marc:datafield tag="043" ind1=" " ind2=" ">
      <marc:subfield code="a">n-cn---</marc:subfield>
    </marc:datafield>
    <marc:datafield tag="086" ind1="1" ind2=" ">
      <marc:subfield code="a">En108-3/1-42F</marc:subfield>
    </marc:datafield>
    <marc:datafield tag="110" ind1="1" ind2=" ">
      <marc:subfield code="a">Canada.</marc:subfield>
      <marc:subfield code="b">Environnement Canada. </marc:subfield>
      <marc:subfield code="b">Conseil canadien des ministres de l'environnement.</marc:subfield>
    </marc:datafield>
    <marc:datafield tag="245" ind1="1" ind2="0">
      <marc:subfield code="a">Les lignes directrices sur la gestion des déchets biomédicaux au Canada / </marc:subfield>
      <marc:subfield code="c">Préparé par l'Association canadienne de normalisation pour le Bureau de la gestion de déchets, Protection de l'environnement. </marc:subfield>
    </marc:datafield>
    <marc:datafield tag="260" ind1=" " ind2=" ">
      <marc:subfield code="a">Winnipeg - Manitoba : </marc:subfield>
      <marc:subfield code="b">Environnement Canada. </marc:subfield>
      <marc:subfield code="c">1992.</marc:subfield>
    </marc:datafield>
    <marc:datafield tag="300" ind1=" " ind2=" ">
      <marc:subfield code="a">48p. : </marc:subfield>
      <marc:subfield code="b">figures, références, tableaux ; </marc:subfield>
      <marc:subfield code="c">28 cm.</marc:subfield>
    </marc:datafield>
    <marc:datafield tag="490" ind1="1" ind2=" ">
      <marc:subfield code="a">[Rapport.]</marc:subfield>
      <marc:subfield code="v">CCME-EPC-WM-42F</marc:subfield>
    </marc:datafield>
    <marc:datafield tag="500" ind1=" " ind2=" ">
      <marc:subfield code="a">Sommaire: Définition des déchets biomédicaux.--Programme de gestion des déchets biomédicaux.--Options de traitement des déchets biomédicaux.--Élimination des déchets biomédicaux.--Transport des déchets biomédicaux.--Santé et sécurité au travail.--Sommaire des mesures provinciales et territoriales qui portent sur les déchets biomédicaux.--Élimination des objets acérés dans le cadre des soins infirmiers à domicile.--Principes de la transmission des maladies.--Déchets cytotoxiques.--Numéros de téléphone en cas d'urgence.--Organismes provinciaux et territoriaux responsables des déchets biomédicaux. ISBN du CCME: ISBN 0-919074-59-6</marc:subfield>
    </marc:datafield>
    <marc:datafield tag="563" ind1=" " ind2=" ">
      <marc:subfield code="a">Couverture souple</marc:subfield>
    </marc:datafield>
    <marc:datafield tag="775" ind1="0" ind2="8">
      <marc:subfield code="t">Guidelines for the management of biomedical waste in Canada / </marc:subfield>
      <marc:subfield code="w">(CaOODSP)9.609588</marc:subfield>
    </marc:datafield>
    <marc:datafield tag="776" ind1="0" ind2="#">
      <marc:subfield code="t">Lignes directrices sur la gestion des déchets biomédicaux au Canada </marc:subfield>
      <marc:subfield code="w">(CaOODSP)9.806877</marc:subfield>
    </marc:datafield>
    <marc:datafield tag="830" ind1="#" ind2="0">
      <marc:subfield code="a">[Rapport.]</marc:subfield>
      <marc:subfield code="v">CCME-EPC-WM-42F</marc:subfield>
      <marc:subfield code="w">(CaOODSP)9.512948</marc:subfield>
    </marc:datafield>
  </marc:record>
</marc:collection>
